1740 1444 1491 1320 1047 1721 1711 1726 1551 1079 1601 1135 1886 1317 1684 1511 1399 1391 1933 1968 1160 1977 1599 1951 1723 1621 1620 1821 1890 1951 1129 1998 1416 1419 1099 1328 1073 1131 1006 1822 1113 1054 1199 1238 1013 1663 1651 1672 1048 1416 1477 1409 1048 1223 1622 1786 1488 1468 1715 1777 1896 1872 1098 1614 1635 1296 1774 1663 1245 1878 1931 1602 1503 1106 1777 1947 1321 1220 1362 1568 1864 1108 1569 1460 1657 1682 1000 1005 1354 1722 1994 1805 1486 1735 1858 1845 1166 1360 1724 BCNSPRNW ULIB Ver.6.0+V

เปลี่ยนเป็นภาษาไทย

Change to English
 แสดงรายละเอียดบรรณานุกรม
  กลับหน้าหลัก

Brief Record : Get Marc (ISO 2709) : E-mail record : QR code < ปิดหน้าต่าง
LEADER : 00000nam 2200000uu 4500
001    13399110956
003     ULIB
008    110614s2548||||th 000 0 tha d
020    9743227466
020    9789743227462
050  4 AC159^bพ253ค 2548
100 0  พรทิพย์ โรจนสุนันท์,^cคุณหญิง,^d2497-
245 10 คิดทางขวาง /^cพ.ญ. คุณหญิงพรทิพย์ โรจนสุนันท์
250    พิมพ์ครั้งที่ 5
260    กรุงเทพฯ :^bมติชน,^c2548
300    216 หน้า :^bภาพประกอบ ;^c21 ซม.
650  7 รวมเรื่อง
945    ^p158^l0^i018984
945    ^p158^l0^i017330
945    ^p158^l0^i017329
995    ทศพร
999 ^a ใช้งานได้ทุกระบบ
รายการนี้ยังไม่มีแท็ก
คุณยังไม่ได้ล็อกอิน คุณสามารถมีกิจกรรมร่วมกับเว็บไซต์ได้ แต่ต้องล็อกอินก่อน ::
  ล็อกอิน

รายการสื่อสารสนเทศ

ลำดับที่ ประเภท เลขเรียก/บาร์โค้ด สถานที่ สถานะ
- ไม่พบข้อมูล -

รายการใกล้เคียง
    หัวเรื่อง [รวมเรื่อง]

BibComment


ยังไม่เคยถูกคอมเมนท์

คอมเมนท์ทรัพยากรรายการนี้
  คอมเมนท์: คิดทางขวาง พญ คุ..


 Copyright 2026. Bcnsprnw @Library